000 00448nam a2200169Ia 4500
003 LDD
008 190117s9999 xx 000 0 und d
020 _c₹50
040 _cLDD
041 _ahi
082 _a8H3.6 प्रे5922गो
100 _aप्रेमचंद
245 0 _aगौदान
_cप्रेमचंद
260 _aदिल्ली
_bसरस्वती
_c1987
300 _a300प्र.
942 _2ddc
_cH
999 _c164159
_d164159